000 004010000a22001450004500
020 _a0-7853-0090-2
082 0 4 _aGI CTH P960j
245 1 0 _aJesus and the children, adaptacion : Etta G. Wilson, il. : Gary Torrisi
260 _aU.S.A. : Publications International Ltd.
300 _a[16 P.]
440 0 _aCol. \ My Little Books About
650 1 4 _aLiteratura Infantil
001 819
942 _cLGB
999 _c48023
_d48023